000 00399nam a2200133Ia 4500
008 231129s2001||||xx |||||||||||||| ||spa||
020 _a958-682-209-5
040 _bspa
082 _a330.98039 U54
245 0 _aUna decada de luces y sombras: America Latina y el Caribe en los anos noventa
260 _c2001
264 _aAlfaomega ; Cepal
942 _2ddc
_cBKS
999 _c25938
_d25938